Szeged könyvtártörténete az egyetem alapításáig

Elmentve itt :
Bibliográfiai részletek
Szerző: Kulcsár Péter
Dokumentumtípus: Cikk
Megjelent: 1970
Sorozat:Acta Universitatis Szegediensis : acta bibliothecaria 7 No. 3
Kulcsszavak:Könyvtártörténet - Szeged, Egyetemi Könyvtár - Szeged
Tárgyszavak:
Online Access:http://acta.bibl.u-szeged.hu/7780
LEADER 00780nab a2200205 i 4500
001 acta7780
005 20260512152258.0
008 161015s1970 hu o 000 hun d
022 |a 0001-7175 
040 |a SZTE Egyetemi Kiadványok Repozitórium  |b hun 
041 |a hun 
100 1 |a Kulcsár Péter 
245 1 0 |a Szeged könyvtártörténete az egyetem alapításáig  |h [elektronikus dokumentum] /  |c  Kulcsár Péter 
260 |c 1970 
300 |a 1-52 
490 0 |a Acta Universitatis Szegediensis : acta bibliothecaria  |v 7 No. 3 
650 4 |a Bölcsészettudományok 
650 4 |a Történettudomány és régészet 
695 |a Könyvtártörténet - Szeged, Egyetemi Könyvtár - Szeged 
856 4 0 |u http://acta.bibl.u-szeged.hu/7780/1/biblio_007_fasc_003_001-052.pdf  |z Dokumentum-elérés